000 00687nam a2200289Ia 4500
005 20260324134004.0
008 008 260324s9999 xx 000 0 eng d
020 _a9780203996874
037 _aEBOOK
040 _aCRL
040 _beng
040 _cCRL
041 _2eng
041 _aeng
084 _qCRL
100 _aPeter Madsen; Richard Plunz
_91195155
245 4 _aThe Urban Lifeworld
245 0 _bFormation Perception Representation
260 _bTaylor and Francis
260 _c2002
365 _a
365 _b290
856 _uhttp://www.taylorfrancis.com/books/9780203996874
942 _cEBOOK
999 _c1794762
_d1794762